000 00794nam a2200241Ia 4500
003 GCL
008 140319s9999 xx 000 0 ara d
040 _aGCL /
_cGCL
082 0 4 _a330.962
_bع خ
100 1 _aعلى عبدالعزيز سليمان
245 1 0 _aالخروج من الازمة : دراسات فى السياسة الاقتصادية والمجتمع المصرى /
_cعلى عبدالعزيز سليمان
260 _a[S.N] :
_bعالم الكتب الحديث ،
_c1989
300 _a176 ص
490 _a
650 0 4 _aمصر
650 0 4 _aالاقتصاد
650 0 4 _aالسياسة
650 0 4 _aالديون
650 0 4 _aالبيروقراطية
650 0 4 _aالفساد الادارى
650 0 4 _aشركات الاستثمار
942 _2ddc
_cBK
999 _c35761
_d35761